| 000 | 00491nam a2200169 i 4500 | ||
|---|---|---|---|
| 001 | 38961 | ||
| 003 | ES-MaACL | ||
| 005 | 20230906155847.0 | ||
| 007 | t| | ||
| 008 | 030226s1912 sp ||||1| spa d | ||
| 100 | 1 |
_aCampos Igual, José. _934276 |
|
| 245 | 1 | 0 |
_aConcepto de la osteitis como síntoma / _cJosé Campos Igual. |
| 260 |
_aValencia : _b[s.n.], _c1912 ( _fEst. tip. hijos de F. Vives) |
||
| 300 |
_a31 p. ; _c22 cm. |
||
| 502 | _aTesis doctoral. | ||
| 852 |
_aES-MaACL _jT-1313-F-4 |
||
| 999 |
_c38961 _d38961 |
||